000 00694nam a2200205Ia 4500
005 20250508153425.0
008 008 250505s9999 xx 000 0 eng d
037 _aBooks to be hide in OPAC
040 _aFEDL
_beng
_cFEDL
041 _aeng
_2eng
084 _a016.0014, UNI/O
_qFEDL
100 _aDailey John T
_9763963
245 0 _aTypes of tests in project talent: Standardized aptitude and achievement tests
245 0 _cU S Department of Health, Education and Welfare
260 _aWashington, USA
_bU.S. Government Printing Office
_c1961
300 _a62p
700 _a Shaycoft Marion F
_9763964
942 _cHB
_h016.0014, UNI/O
999 _c1342764
_d1342764